|
|
|
|
| LEADER |
01320naa a2200241 i 4500 |
| 001 |
acta63889 |
| 005 |
20230615125406.0 |
| 008 |
191115s2019 hu o 1|| hun d |
| 020 |
|
|
|a 978-963-306-677-5
|
| 040 |
|
|
|a SZTE Egyetemi Kiadványok Repozitórium
|b hun
|
| 041 |
|
|
|a hun
|
| 245 |
0 |
2 |
|a A nyelvtörténeti kutatások újabb eredményei X.
|h [elektronikus dokumentum] :
|b 2018. október 17-18.
|
| 260 |
|
|
|a Szegedi Tudományegyetem Magyar Nyelvészeti Tanszék
|b Szeged
|c 2019
|
| 300 |
|
|
|a 371
|
| 490 |
0 |
|
|a A nyelvtörténeti kutatások újabb eredményei
|v 10
|
| 650 |
|
4 |
|a Bölcsészettudományok
|
| 650 |
|
4 |
|a Nyelvek és irodalom
|
| 695 |
|
|
|a Magyar nyelv - mondattan - történeti - tanulmányok, Finnugor nyelvek - mondattan - történeti - tanulmányok, Magyar nyelv - alaktan - történeti - tanulmányok, Finnugor nyelvek - alaktan - történeti - tanulmányok, Magyar nyelv - szemantika - történeti - tanulmányok, Finnugor nyelvek - szemantika - történeti - tanulmányok, Nyelvtörténet - magyar - tanulmányok
|
| 700 |
0 |
1 |
|a Forgács Tamás
|
| 700 |
0 |
1 |
|a Németh Miklós
|
| 700 |
0 |
1 |
|a Sinkovics Balázs
|
| 711 |
|
|
|a A nyelvtörténeti kutatások újabb eredményei (10.)
|c Szeged, Magyarország
|d 2018. október 17-18.
|
| 856 |
4 |
0 |
|u http://acta.bibl.u-szeged.hu/63889/1/nyelvtort_010.pdf
|z Dokumentum-elérés
|